La globalización como marco para la Argentina en el Mercosur (Registro nro. 31219)

Detalles MARC
000 -LEADER
fixed length control field 00341 a2200109 4500
001 - CONTROL NUMBER
control field ART_39599
005 - DATE AND TIME OF LATEST TRANSACTION
control field 20260410162000.0
008 - FIXED-LENGTH DATA ELEMENTS--GENERAL INFORMATION
fixed length control field 260409a
100 1# - MAIN ENTRY--PERSONAL NAME
Personal name Fridman, Alejandro M.
245 10 - TITLE STATEMENT
Title La globalización como marco para la Argentina en el Mercosur
773 0# - HOST ITEM ENTRY
Title Propuestas
Related parts - Año 3, Nº 6 (dic. 1997)
Record control number REV28258

No hay ítems disponibles.